01069nam a2200217 a 450000100100000000500170001000800410002702000150006804000250008310000420010824501350015026001320028530000210041749000520043850400320049050400730052271000720059583000610066795201060072899900170083400004201420201002035903.0131030s1999 sp 000 0 spa d a8400078209 aDO-SdBNPbspacBNPHU1 aNavarro Yáñez, Clemente J.96896213aEl Sesgo Participativo :binnovación democrática en municipios del sur de Europa (1960-1995) /cClemente J. Navarro Yáñez. aCórdoba :bInstituto de Estudios Sociales Avanzados de AndalucíabConsejo Superior de Investigaciones Científicas,c1999. a321 p. ;c24 cm.1 aPoliteya. Estudios de Economía y Sociedadv13 aBibliografía : p. 289-321 aIncluye referencias bibliográficas y notas al pie de las páginas2 aConsejo Superior de Investigaciones Científicas (España)915178 0aPoliteya. Estudios de Economía y Sociedad ;v13968646 0010507-18MOaGRbGRcOId2013-10-30iLF1l0o p42014-10r2020-06-25w2020-06-25y1ZNo se presta c41503d41503